Southville International School and Colleges
Your cart is empty.
  • Cart
  • Lists
    Public lists Eva Luna New books Lux_list list_1
    Your lists Log in to create your own lists
  • Log in to your account
  • Your cookies
  • Search history
Southville International School and Colleges
  • Advanced search
  • Recent comments
  • Most popular
  • Libraries

Log in to your account

Log in with GOOGLE


If you do not have an external account, but do have a local account, you can still log in:

  1. Home
  2. MARC view: Megaboy
Normal view MARC view ISBD view

Megaboy (Record no. 11648)

[ view plain ]
MARC details
000 -LEADER
fixed length control field 00513cam a22002055a 4500
001 - CONTROL NUMBER
control field 12786720
003 - CONTROL NUMBER IDENTIFIER
control field OSt
005 - DATE AND TIME OF LATEST TRANSACTION
control field 20230728125337.0
008 - FIXED-LENGTH DATA ELEMENTS--GENERAL INFORMATION
fixed length control field 020523s2001 nyua a 000 1 eng
010 ## - LIBRARY OF CONGRESS CONTROL NUMBER
LC control number 2002282399
020 ## - INTERNATIONAL STANDARD BOOK NUMBER
International Standard Book Number 978-1-78557-651-5
050 00 - LIBRARY OF CONGRESS CALL NUMBER
Classification number PZ 7
Item number .M44 2015
245 10 - TITLE STATEMENT
Title Megaboy
Statement of responsibility, etc Cunliffe, Ian
260 ## - PUBLICATION, DISTRIBUTION, ETC. (IMPRINT)
Place of publication, distribution, etc China
Name of publisher, distributor, etc Igloo books
Date of publication, distribution, etc C2015
300 ## - PHYSICAL DESCRIPTION
Other physical details col. ill. ;
Dimensions 26 cm.
650 #1 - SUBJECT ADDED ENTRY--TOPICAL TERM
Topical term or geographic name as entry element Leaves
Form subdivision Fiction.
9 (RLIN) 20824
650 #1 - SUBJECT ADDED ENTRY--TOPICAL TERM
Topical term or geographic name as entry element Schools
Form subdivision Fiction.
9 (RLIN) 20825
942 ## - ADDED ENTRY ELEMENTS (KOHA)
Source of classification or shelving scheme Library of Congress Classification
Koha item type Books
Holdings
Withdrawn status Lost status Source of classification or shelving scheme Damaged status Home library Current library Shelving location Date acquired Source of acquisition Total Checkouts Full call number Barcode Date last seen Copy number Price effective from Koha item type
    Library of Congress Classification   Luxembourg Library Luxembourg Library Grade School Section 09/18/2013 Donation   PZ 7.M1257 .M123 2001 17014 06/15/2015 1 10/03/2013 Books

Megaboy

APA

(2015). Megaboy. China: Igloo books.

Chicago

2015. Megaboy. China: Igloo books.

Harvard

(2015). Megaboy. China: Igloo books.

MLA

Megaboy. China: Igloo books. 2015.

  • Place hold
  • Print
  • Cite
  • Add to your cart (remove)
  • Save record
    BIBTEX Dublin Core MARCXML MARC (non-Unicode/MARC-8) MARC (Unicode/UTF-8) MARC (Unicode/UTF-8, Standard) MODS (XML) RIS
  • More searches
    Search for this title in:
    Other Libraries (WorldCat) Other Databases (Google Scholar) Online Stores (Bookfinder.com) Open Library (openlibrary.org)

Exporting to Dublin Core...

SOUTHVILLE LIBRARY

Southville International School and Colleges Library

1281 Tropical Ave. Cor. Luxembourg St., BF Homes International, Las Pinas City

Tel. No. 8256374 / 252358 Loc. 117/146

Powered by Koha